| 000 | 01137nas a2200313 4500 | ||
|---|---|---|---|
| 001 | BR2011008316 | ||
| 003 | BR-BrBNA | ||
| 005 | 20231205115905.0 | ||
| 007 | ta | ||
| 008 | 230509b bl.|||p| |||| 00| 00por d | ||
| 040 |
_aBR-BrBNA _bpor _cBiblioteca Nacional de Agricultura |
||
| 041 | _a(Pt) | ||
| 072 | _aL70; L74 | ||
| 100 | 1 | _aRodrigues, D.P. | |
| 100 | 1 | _aMende-de-Almeida, F. | |
| 100 | 1 | _aCaetano, C.E.R. | |
| 100 | 1 | _aSantos, V. de C. | |
| 100 | 1 | _aAquino, S.G. de | |
| 100 | 1 | _aMachado, A.C.F. | |
| 245 | 1 | _aReconstituição cirúrgica de luxação patelar em macaco-da-savana (Cercopithecus aethiops Linnaeus, 1758)- relato de caso | |
| 246 | 1 | _aSurgical reparation of patellar luxation in a savanna monkey (Cercopithecus aethiops Linnaeus, 1758)- case report | |
| 650 | _aMACACO | ||
| 650 | _aOSSO | ||
| 650 | _aLUXAÇÃO | ||
| 650 | _aCIRURGIA | ||
| 773 | 0 |
_tMEDVEP. Revista Científica de Medicina Veterinária. Pequenos Animais e Animais de Estimação (Brazil) _xISSN 1678-1430 _g(Apr-Jun 2009), v. 7(21) p. 232-236 _wBR2011008316 |
|
| 909 |
_a202311 _bLúcia _c55 _dLúcia Elande |
||
| 942 |
_2AGRIS _n0 _cANA |
||
| 999 |
_c216176 _d216176 |
||